000 01185nam a22003137i 4500
003 EG-GICUC
005 20260218123041.0
008 260218s1971 ua |||fr|||| 00| 0 ara d
040 _a EG-GICUC
_bara
_c EG-GICUC
_d EG-GICUC
_erda
041 0 _aAra
082 0 4 _221
_a343
_bم أ . م
092 0 4 _221
099 _aLaw1 10 343 م أ . م 1971
100 0 _aمأمون محمد سلامة
_eمؤلف.
245 1 2 _aالمدارس الفقهية فى القانون الجنائى /
_cتأليف للدكتور مأمون محمد سلامة.
264 3 _aبيروت :
_aلبنان :
_bمطبعة دار الكتب،
_c1971.
300 _a26 ؛صفحة
_c24 سم.
_bإيضاحيات، صور، مثيليات ؛
336 _2rda content
_atext
337 _2rda media
_aComputer
338 _2rda carrier
_aOnline Resource
504 _a. 240-220 ببليوجرافيا: صفحات.
546 _aالنص باللغة العربية
650 1 _aالعلوم الجنائية
_2qrmak
650 1 _aالقانون الجنائى
_2qrmak
651 1 _2qrmak
856 4 0 _uhttps://fll.law.cu.edu.eg/fulltext/bks/B10-08184.pdf
905 _a54
942 _2ddc
_cBK
_e21
_n0
999 _c63542
_d63542